[Event "IBCA EU-ch blind 06th"]
[Site "Lyon"]
[Date "2015.08.02"]
[Round "9"]
[White "Murgia, Stefano"]
[Black "Klimis, Laertis"]
[Result "0-1"]
[WhiteElo "1705"]
[BlackElo "1864"]
[PlyCount "56"]
[EventDate "2015.07.25"]
[EventType "swiss"]
[EventRounds "9"]
[EventCountry "FRA"]
[SourceTitle "CBM 167 Extra"]
[Source "ChessBase"]
[SourceDate "2015.09.14"]
[SourceVersion "1"]
[SourceVersionDate "2015.09.14"]
[SourceQuality "1"]

1. e4 e6 2. d4 d5 3. Nc3 Nf6 4. e5 Nfd7 5. f4 c5 6. Nf3 Nc6 7. Be3 a6 8. Qd2 b5 9. a3 Qa5 10. Ra2 Qb6 11. Nd1 b4 12. c3 bxa3 13. bxa3 c4 14. Be2 Qa5 15. 0-0 g6 16. Nf2 Rb8 17. Bd1 Rb1 18. Qc2 Rb3 19. Qe2 Rxa3 20. Rb2 Qxc3 21. Bc1 Nxd4 22. Nxd4 Qxd4 23. Kh1 Qa7 24. Rb1 Ra5 25. Bd2 Ra2 26. Qe1 Bc5 27. Bg4 c3 28. Bxc3 Bxf2 0-1

[Event "IBCA EU-ch blind 06th"]
[Site "Lyon"]
[Date "2015.07.26"]
[Round "2"]
[White "Klimis, Laertis"]
[Black "Bremer, Erik"]
[Result "1-0"]
[WhiteElo "1864"]
[BlackElo "1475"]
[PlyCount "57"]
[EventDate "2015.07.25"]
[EventType "swiss"]
[EventRounds "9"]
[EventCountry "FRA"]
[SourceTitle "CBM 167 Extra"]
[Source "ChessBase"]
[SourceDate "2015.09.14"]
[SourceVersion "1"]
[SourceVersionDate "2015.09.14"]
[SourceQuality "1"]

1. d4 Nf6 2. Nf3 d5 3. Bf4 e6 4. e3 c5 5. Nbd2 Nc6 6. c3 Bd6 7. Ne5 0-0 8. Bd3 Bd7 9. Nxf7 Rxf7 10. Bxd6 cxd4 11. cxd4 Be8 12. Bg3 Rc8 13. a3 Rf8 14. 0-0 Bh5 15. f3 Qe7 16. b4 e5 17. Bf5 Rcd8 18. b5 Nb8 19. dxe5 Ne4 20. Nxe4 dxe4 21. Qb3+ Bf7 22. e6 Bg6 23. fxe4 Bh5 24. Rac1 Be2 25. Rc7 Rd3 26. Qb2 Rxf5 27. exf5 Qg5 28. Qxe2 Rxe3 29. Rc8+ 1-0

[Event "IBCA EU-ch blind 06th"]
[Site "Lyon"]
[Date "2015.07.25"]
[Round "1"]
[White "Mueller, Oliver"]
[Black "Klimis, Laertis"]
[Result "1-0"]
[WhiteElo "2269"]
[BlackElo "1864"]
[PlyCount "77"]
[EventDate "2015.07.25"]
[EventType "swiss"]
[EventRounds "9"]
[EventCountry "FRA"]
[SourceTitle "CBM 167 Extra"]
[Source "ChessBase"]
[SourceDate "2015.09.14"]
[SourceVersion "1"]
[SourceVersionDate "2015.09.14"]
[SourceQuality "1"]

1. d4 Nf6 2. c4 e6 3. Nf3 Bb4+ 4. Bd2 c5 5. Bxb4 cxb4 6. Nbd2 0-0 7. e3 d6 8. Bd3 Nbd7 9. 0-0 b6 10. Qe2 Bb7 11. a3 bxa3 12. Rxa3 a5 13. Rfa1 Qc7 14. Rc3 h6 15. Ne4 Rac8 16. h3 Nxe4 17. Bxe4 f5 18. Bxb7 Qxb7 19. d5 e5 20. Nh4 e4 21. Ng6 Rfe8 22. Rb1 Nc5 23. b4 axb4 24. Rxb4 Ra8 25. Rb1 Ra6 26. Qd1 Qf7 27. Nf4 Rea8 28. Rc2 Nd7 29. Ne6 Ra3 30. Rcb2 Rc8 31. Rb3 Ra4 32. Rb4 Rxb4 33. Rxb4 Ra8 34. Ra4 Rxa4 35. Qxa4 Qe8 36. Qc6 Qe7 37. Qc7 Kf7 38. Nd8+ Ke8 39. Nc6 1-0

[Event "IBCA Wch blind 13th"]
[Site "Katerini"]
[Date "2014.05.08"]
[Round "4"]
[White "Suder, Ryszard"]
[Black "Klimis, Laertis"]
[Result "1-0"]
[WhiteElo "2166"]
[BlackElo "1945"]
[PlyCount "119"]
[EventDate "2014.05.05"]
[EventType "swiss"]
[EventRounds "9"]
[EventCountry "GRE"]
[SourceTitle "CBM 160 Extra"]
[Source "ChessBase"]
[SourceDate "2014.07.01"]
[SourceVersion "1"]
[SourceVersionDate "2014.07.01"]
[SourceQuality "1"]

1. Nf3 f5 2. d4 Nf6 3. g3 g6 4. Bg2 Bg7 5. 0-0 0-0 6. c4 d6 7. b3 Ne4 8. Bb2 Nd7 9. Nbd2 Nxd2 10. Qxd2 e5 11. dxe5 dxe5 12. Qd5+ Kh8 13. Nxe5 Nxe5 14. Bxe5 c6 15. Bxg7+ Kxg7 16. Qxd8 Rxd8 17. Rfd1 Be6 18. Kf1 Re8 19. Rd2 a5 20. a4 Re7 21. Rc1 Kf6 22. Rc3 Rd7 23. Rxd7 Bxd7 24. Ke1 Be6 25. Kd2 Ke5 26. Re3+ Kf6 27. Kc3 Rc8 28. Rd3 Rc7 29. c5 Rc8 30. Rd6 Ke7 31. e3 Rf8 32. f4 Rb8 33. Bf1 Bd7 34. Rd4 Rf8 35. Bd3 Be6 36. Rd6 Rb8 37. Bc2 Bd7 38. Rd2 Rf8 39. Kd4 Kf6 40. Bd3 Be6 41. Kc3 Re8 42. Bc2 Bd5 43. Re2 Bf3 44. Re1 Be4 45. Bd1 Bd5 46. Kd2 Be4 47. Be2 Rd8+ 48. Kc3 Rd5 49. b4 axb4+ 50. Kxb4 Rd2 51. Bc4 Rb2+ 52. Kc3 Rc2+ 53. Kb3 Rxh2 54. Kc3 Rc2+ 55. Kb4 Bf3 56. Bb3 Rb2 57. Kc3 Rg2 58. Kc4 Be4 59. Rd1 Kg7 60. Rd7+ 1-0

[Event "Athens op 03-A"]
[Site "Athens"]
[Date "2012.03.27"]
[Round "4"]
[White "Panagiotakos, Nikolaos"]
[Black "Klimis, Laertis"]
[Result "1-0"]
[WhiteElo "2152"]
[BlackElo "2025"]
[PlyCount "71"]
[EventDate "2012.03.06"]
[EventType "swiss"]
[EventRounds "7"]
[EventCountry "GRE"]
[SourceTitle "EXT 2014"]
[Source "ChessBase"]
[SourceDate "2013.11.20"]
[SourceVersion "1"]
[SourceVersionDate "2013.11.20"]
[SourceQuality "1"]

1. e4 e6 2. d4 d5 3. Nc3 Nf6 4. e5 Nfd7 5. f4 c5 6. Nf3 Nc6 7. Be3 Qb6 8. Na4 Qa5+ 9. c3 cxd4 10. b4 Qd8 11. Nxd4 Nxd4 12. Qxd4 b6 13. Bb5 Bb7 14. 0-0 g6 15. c4 Bg7 16. c5 bxc5 17. Qxc5 Bf8 18. Qd4 Be7 19. f5 gxf5 20. Rac1 0-0 21. Bh6 f6 22. Bxf8 Nxf8 23. Bc6 fxe5 24. Qxe5 Bd6 25. Qd4 Rb8 26. a3 Bxc6 27. Rxc6 Rb7 28. Nc5 Rg7 29. g3 Qb8 30. Nxe6 Nxe6 31. Qxd5 Kh8 32. Rxd6 Nf8 33. Rd8 Qb6+ 34. Kh1 Qf6 35. Rf4 Qa1+ 36. Kg2 1-0

[Event "IBCA-ol blind 13th"]
[Site "Heraklion"]
[Date "2008.10.27"]
[Round "8.1"]
[White "Klimis, Laertis"]
[Black "Koumtzis, Argirios"]
[Result "1-0"]
[WhiteElo "2033"]
[BlackElo "1400"]
[PlyCount "135"]
[EventDate "2008.10.19"]
[EventType "team-swiss"]
[EventRounds "9"]
[EventCountry "GRE"]
[SourceTitle "EXT 2010"]
[Source "ChessBase"]
[SourceDate "2010.11.25"]
[SourceVersion "1"]
[SourceVersionDate "2010.11.25"]
[SourceQuality "1"]
[WhiteTeam "Greece (blind)"]
[BlackTeam "Greece (blind) II"]
[WhiteTeamCountry "GRE"]
[BlackTeamCountry "GRE"]

1. f4 e6 2. Nf3 Nf6 3. b3 g6 4. Bb2 Bg7 5. e3 b6 6. a4 0-0 7. Be2 Bb7 8. 0-0 Nc6 9. Na3 d6 10. Nc4 Ne4 11. Bxg7 Kxg7 12. Qe1 Qf6 13. g4 h6 14. Bd3 Nb4 15. Qe2 Nxd3 16. Qxd3 Nc5 17. Qe2 d5 18. Nce5 Qe7 19. Nd4 f6 20. Nef3 e5 21. fxe5 fxe5 22. Nb5 a6 23. Nc3 d4 24. exd4 Bxf3 25. Rxf3 Rxf3 26. Qxf3 exd4 27. Qxa8 dxc3 28. Qf3 cxd2 29. Qc3+ Qf6 30. Qxf6+ Kxf6 31. Kf2 Ke5 32. Ke3 Ne4 33. Rf1 a5 34. Ke2 g5 35. Rf3 Kd4 36. Rd3+ Ke5 37. Rd7 c6 38. Rb7 b5 39. axb5 cxb5 40. Rxb5+ Kd4 41. Rb8 Kc3 42. Rc8+ Kb2 43. Kd1 Nd6 44. Rc6 Ne4 45. Rc4 Nd6 46. Kxd2 Nb5 47. Kd3 Na3 48. Rc5 Nxc2 49. Rxc2+ Kxb3 50. Rc3+ Kb4 51. Kc2 a4 52. Kb2 a3+ 53. Rxa3 Kc4 54. Rh3 Kd4 55. Rxh6 Ke4 56. Rf6 Ke5 57. Rf5+ Ke4 58. Rxg5 Kf4 59. h4 Kg3 60. h5 Kh4 61. Rg6 Kh3 62. h6 Kh4 63. h7 Kh3 64. h8Q+ Kg3 65. Qc3+ Kh4 66. Rh6+ Kxg4 67. Qf6 Kg3 68. Rg6+ 1-0

[Event "IBCA-ol blind 13th"]
[Site "Heraklion"]
[Date "2008.10.20"]
[Round "2.1"]
[White "Aksu, Mumin"]
[Black "Klimis, Laertis"]
[Result "0-1"]
[WhiteElo "1400"]
[BlackElo "2033"]
[PlyCount "90"]
[EventDate "2008.10.19"]
[EventType "team-swiss"]
[EventRounds "9"]
[EventCountry "GRE"]
[SourceTitle "EXT 2010"]
[Source "ChessBase"]
[SourceDate "2010.11.25"]
[SourceVersion "1"]
[SourceVersionDate "2010.11.25"]
[SourceQuality "1"]
[WhiteTeam "Turkey (blind)"]
[BlackTeam "Greece (blind)"]
[WhiteTeamCountry "TUR"]
[BlackTeamCountry "GRE"]

1. e4 e6 2. d4 d5 3. e5 c5 4. c3 Nc6 5. Nf3 Qb6 6. Bd3 Bd7 7. 0-0 cxd4 8. cxd4 Nxd4 9. Nxd4 Qxd4 10. Nc3 a6 11. Be3 Qxe5 12. g3 Nf6 13. Re1 Bc6 14. Rc1 Qd6 15. Bf4 Qd7 16. Bf5 Be7 17. Bb1 d4 18. Ne4 Bb4 19. Re2 Rd8 20. a3 d3 21. Nxf6+ gxf6 22. Re3 d2 23. Rxc6 Qxc6 24. axb4 Qc1 25. Bc2 Qxc2 26. Qxc2 d1Q+ 27. Qxd1 Rxd1+ 28. Kg2 Ke7 29. Bc7 Rc8 30. Bb6 e5 31. Bc5+ Ke6 32. Re2 a5 33. g4 a4 34. f4 Kd5 35. f5 Rg8 36. h3 h5 37. Kf3 Rd3+ 38. Be3 hxg4+ 39. hxg4 Rb3 40. Rd2+ Kc6 41. Rc2+ Kd7 42. Rd2+ Kc7 43. Rc2+ Kb8 44. Rc4 Rxb2 45. Bc5 Rd8 0-1

[Event "Athens Smaok-ch"]
[Site "Athens"]
[Date "2007.09.12"]
[Round "1.5"]
[White "Klimis, Laertis"]
[Black "Fotiadou, Elpida"]
[Result "1-0"]
[WhiteElo "2046"]
[BlackElo "1505"]
[PlyCount "41"]
[EventDate "2007.09.12"]
[EventType "swiss"]
[EventRounds "9"]
[EventCountry "GRE"]
[SourceTitle "EXT 2024"]
[Source "ChessBase"]
[SourceDate "2023.10.10"]
[SourceVersion "1"]
[SourceVersionDate "2023.10.10"]
[SourceQuality "1"]

1. d4 d5 2. Nf3 Nf6 3. Bg5 Nbd7 4. Nbd2 c5 5. c3 Qc7 6. e3 e6 7. Bd3 c4 8. Bc2 Bd6 9. e4 e5 10. exd5 Nxd5 11. dxe5 Nxe5 12. Nxe5 Bxe5 13. Ba4+ Bd7 14. Bxd7+ Qxd7 15. Nxc4 f6 16. Nxe5 fxe5 17. Qb3 Nf6 18. Bxf6 gxf6 19. Rd1 Qe7 20. Qb5+ Kf8 21. Rd7 1-0

[Event "Heraklio op-A 11th"]
[Site "Heraklion"]
[Date "2007.06.12"]
[Round "4"]
[White "Klimis, Laertis"]
[Black "Stiri, Alexandra"]
[Result "0-1"]
[WhiteElo "2034"]
[BlackElo "2258"]
[PlyCount "72"]
[EventDate "2007.06.09"]
[EventType "swiss"]
[EventRounds "9"]
[EventCountry "GRE"]
[SourceTitle "EXT 2008"]
[Source "ChessBase"]
[SourceDate "2007.11.25"]
[SourceVersion "1"]
[SourceVersionDate "2007.11.25"]
[SourceQuality "1"]

1. d4 Nf6 2. Nf3 e6 3. c4 c5 4. d5 exd5 5. cxd5 d6 6. Nc3 g6 7. g3 Bg7 8. Bg2 0-0 9. 0-0 Na6 10. Nd2 Nc7 11. a4 a6 12. Nc4 Rb8 13. a5 Nb5 14. Nxb5 axb5 15. Nxd6 Bd7 16. Qb3 c4 17. Qa3 Qe7 18. Nxb5 Qxe2 19. Nc3 Qh5 20. Bf4 Rbd8 21. Bc7 Rc8 22. Qd6 Bh3 23. Qf4 Qh6 24. g4 Bxg2 25. Kxg2 Ne8 26. Qg3 Nxc7 27. g5 Qh5 28. Rae1 Bxc3 29. bxc3 Nxd5 30. Re4 Rfe8 31. Rfe1 Rxe4 32. Rxe4 f5 33. Rxc4 Rxc4 34. Qb8+ Kf7 35. Qxb7+ Nc7 36. Qb3 Qxg5+ 0-1

[Event "Heraklio op-A 11th"]
[Site "Heraklion"]
[Date "2007.06.11"]
[Round "3"]
[White "Kostas, Panagiotis"]
[Black "Klimis, Laertis"]
[Result "0-1"]
[WhiteElo "1889"]
[BlackElo "2034"]
[PlyCount "70"]
[EventDate "2007.06.09"]
[EventType "swiss"]
[EventRounds "9"]
[EventCountry "GRE"]
[SourceTitle "EXT 2008"]
[Source "ChessBase"]
[SourceDate "2007.11.25"]
[SourceVersion "1"]
[SourceVersionDate "2007.11.25"]
[SourceQuality "1"]

1. d4 Nf6 2. Nc3 d5 3. Bg5 Bf5 4. e3 e6 5. Bd3 Bg6 6. Nf3 Nbd7 7. Ne5 Be7 8. f4 Nxe5 9. fxe5 Ne4 10. Bxe7 Nxc3 11. Bxd8 Nxd1 12. Bxg6 hxg6 13. Bg5 Nxb2 14. Rb1 Nc4 15. Rxb7 Kd7 16. 0-0 Rhf8 17. Rb5 Nd2 18. Rf4 Ne4 19. h4 Nc3 20. Rb3 Ne2+ 21. Kf2 Nxf4 22. exf4 Rfb8 23. g4 Rxb3 24. cxb3 a5 25. Ke2 a4 26. b4 Rb8 27. a3 Rb6 28. h5 gxh5 29. gxh5 Rc6 30. Kd3 Rb6 31. h6 gxh6 32. Bxh6 Rb8 33. Bg5 Rh8 34. Kc3 Rh3+ 35. Kb2 Rd3 0-1

[Event "Athens Smaok op 1th"]
[Site "Athens"]
[Date "2006.11.10"]
[Round "1"]
[White "Tsiros, Dimitrios"]
[Black "Klimis, Laertis"]
[Result "0-1"]
[WhiteElo "1090"]
[BlackElo "2048"]
[PlyCount "59"]
[EventDate "2006.11.10"]
[EventType "swiss"]
[EventRounds "6"]
[EventCountry "GRE"]
[SourceTitle "EXT 2024"]
[Source "ChessBase"]
[SourceDate "2023.10.10"]
[SourceVersion "1"]
[SourceVersionDate "2023.10.10"]
[SourceQuality "1"]

1. d4 Nf6 2. c4 e6 3. Nc3 Bb4 4. Bd2 d5 5. cxd5 exd5 6. Qa4+ Nc6 7. e3 Bd7 8. Bb5 Bxc3 9. Bxc3 a6 10. Be2 0-0 11. Qc2 Ne4 12. Nf3 Bf5 13. Bd3 Bg6 14. 0-0 Qe7 15. a3 Qe6 16. Be1 Rae8 17. Nd2 f5 18. f3 Nd6 19. Bg3 Qxe3+ 20. Bf2 Qe7 21. Rfe1 Qd7 22. Rxe8 Rxe8 23. Re1 Rxe1+ 24. Bxe1 Nxd4 25. Qd1 Qe6 26. Bf2 Nc6 27. Nf1 Nf7 28. Bc2 f4 29. Bb3 Ne7 30. Qd4 0-1

[Event "Pagrati CC-ch"]
[Site "Pagrati"]
[Date "2006.11.09"]
[Round "7.5"]
[White "Klimis, Laertis"]
[Black "Mandravelos, Spyridon"]
[Result "1-0"]
[WhiteElo "2048"]
[BlackElo "1410"]
[PlyCount "59"]
[EventDate "2006.09.28"]
[EventType "swiss"]
[EventRounds "7"]
[EventCountry "GRE"]
[SourceTitle "EXT 2024"]
[Source "ChessBase"]
[SourceDate "2023.10.10"]
[SourceVersion "1"]
[SourceVersionDate "2023.10.10"]
[SourceQuality "1"]

1. d4 Nf6 2. Nf3 g6 3. c4 Bg7 4. Nc3 0-0 5. e4 d6 6. h3 c5 7. Be3 cxd4 8. Nxd4 Bd7 9. Be2 Nc6 10. 0-0 Ne8 11. Nd5 Nc7 12. Qd2 Ne6 13. Nc2 Nc5 14. Bxc5 dxc5 15. f4 Bxb2 16. Rab1 Bd4+ 17. Nxd4 Nxd4 18. Rxb7 Re8 19. f5 Bc6 20. fxg6 hxg6 21. Rb2 Bxd5 22. cxd5 e6 23. Qf4 Qd7 24. Bc4 Rad8 25. Qh6 Qe7 26. Rbf2 Rf8 27. Rf4 exd5 28. Rh4 f5 29. Qh8+ Kf7 30. Rh7+ 1-0

[Event "Pagrati CC-ch"]
[Site "Pagrati"]
[Date "2006.11.03"]
[Round "6.5"]
[White "Ilandzis, Spyridon"]
[Black "Klimis, Laertis"]
[Result "1-0"]
[WhiteElo "2174"]
[BlackElo "2048"]
[PlyCount "71"]
[EventDate "2006.09.28"]
[EventType "swiss"]
[EventRounds "7"]
[EventCountry "GRE"]
[SourceTitle "EXT 2024"]
[Source "ChessBase"]
[SourceDate "2023.10.10"]
[SourceVersion "1"]
[SourceVersionDate "2023.10.10"]
[SourceQuality "1"]

1. e4 e5 2. f4 exf4 3. Bc4 d6 4. Nf3 Be6 5. Bxe6 fxe6 6. d4 Nf6 7. Nc3 Nh5 8. 0-0 g6 9. Ne2 g5 10. Qd3 Nd7 11. Qb3 h6 12. Qxe6+ Qe7 13. Qg6+ Qf7 14. Qxf7+ Kxf7 15. g3 g4 16. Nxf4 Nxf4 17. Nh4 Nf6 18. Bxf4 Ke6 19. Ng6 Rh7 20. Rae1 Nh5 21. Bg5 hxg5 22. d5+ Kd7 23. Nxf8+ Rxf8 24. Rxf8 Re7 25. Rf5 Re5 26. Rxe5 dxe5 27. Rf1 Kd6 28. Rf5 Kc5 29. Rxe5 Nf6 30. Re7 Kd4 31. c3+ Kd3 32. e5 Nxd5 33. Rd7 Ke4 34. e6 Nf6 35. Rxc7 Kd5 36. e7 1-0

[Event "Pagrati CC-ch"]
[Site "Pagrati"]
[Date "2006.10.19"]
[Round "4.3"]
[White "Klimis, Laertis"]
[Black "Kokolias, Konstantinos"]
[Result "0-1"]
[WhiteElo "2048"]
[BlackElo "2188"]
[PlyCount "72"]
[EventDate "2006.09.28"]
[EventType "swiss"]
[EventRounds "7"]
[EventCountry "GRE"]
[SourceTitle "EXT 2024"]
[Source "ChessBase"]
[SourceDate "2023.10.10"]
[SourceVersion "1"]
[SourceVersionDate "2023.10.10"]
[SourceQuality "1"]

1. d4 d5 2. c4 c6 3. Nc3 e5 4. cxd5 cxd5 5. e4 dxe4 6. d5 Nf6 7. Bg5 Nbd7 8. Bb5 Bc5 9. Qe2 0-0 10. 0-0-0 a6 11. Bxd7 Bxd7 12. Nxe4 Rc8 13. Kb1 Bf5 14. Bxf6 Qxf6 15. f3 Bd4 16. Nh3 Qb6 17. g4 Bxe4+ 18. fxe4 Rc3 19. Nf4 Rfc8 20. Nd3 Be3 21. Rhe1 Bg5 22. Rf1 a5 23. Qf2 Qxf2 24. Rxf2 Rxd3 25. Rdf1 Bf4 26. Rc2 Rxc2 27. Kxc2 Rd2+ 28. Kc3 Rxh2 29. d6 Rd2 30. Rxf4 exf4 31. Kxd2 Kf8 32. e5 g5 33. Kd3 Ke8 34. Ke4 Kd7 35. Kf3 f6 36. exf6 Kxd6 0-1

[Event "Heraklio op 9th"]
[Site "Heraklion"]
[Date "2005.??.??"]
[Round "3"]
[White "Klimis, Laertis"]
[Black "Delithanasis, Dimitrios"]
[Result "0-1"]
[WhiteElo "2040"]
[BlackElo "2235"]
[PlyCount "142"]
[EventDate "2005.06.??"]
[EventType "swiss"]
[EventRounds "9"]
[EventCountry "GRE"]
[SourceTitle "EXT 2007"]
[Source "ChessBase"]
[SourceDate "2006.11.23"]
[SourceVersion "1"]
[SourceVersionDate "2006.11.23"]
[SourceQuality "1"]

1. d4 d5 2. Nf3 e6 3. c4 c5 4. Nc3 Nc6 5. cxd5 exd5 6. g3 Nf6 7. Bg2 Be7 8. 0-0 0-0 9. Be3 c4 10. Ne5 Bb4 11. Bg5 Be6 12. Qa4 Qa5 13. Qxa5 Nxa5 14. Bxf6 gxf6 15. Nf3 Nc6 16. e3 Rfd8 17. Rac1 Bf8 18. Nh4 Ne7 19. f4 Bh6 20. Rce1 f5 21. Nf3 f6 22. Rf2 Nc6 23. Bf1 Bf8 24. h3 Rab8 25. a4 a6 26. g4 b5 27. axb5 axb5 28. Nh4 Ne7 29. Bg2 b4 30. Na4 fxg4 31. f5 Bf7 32. hxg4 Nc6 33. Bf3 Re8 34. Ng2 Bh6 35. Rfe2 Bg5 36. Nc5 Rb5 37. Kf2 Ra8 38. Kg3 Ra2 39. Nf4 Bxf4+ 40. Kxf4 Ne5 41. dxe5 fxe5+ 42. Kxe5 Rxc5 43. Kd4 Raa5 44. Ra1 Rxa1 45. Kxc5 b3 46. e4 dxe4 47. Bxe4 Rg1 48. Bg2 Rc1 49. Be4 c3 50. bxc3 Rxc3+ 51. Kd4 Rg3 52. Rg2 Rxg2 53. Bxg2 b2 54. Be4 Ba2 55. g5 b1Q 56. Bxb1 Bxb1 57. Ke5 Bc2 58. Ke6 Bb3+ 59. Kf6 Bc4 60. Ke5 Kg7 61. Kd4 Bb3 62. Ke5 Ba2 63. Kf4 Bb3 64. Ke5 Bd1 65. Ke6 Bg4 66. Ke5 Bh3 67. Ke6 Bf1 68. Ke5 Bd3 69. Ke6 Bc2 70. Ke5 Bb3 71. Kf4 Kf8 0-1